LEADER 01110nam0-22003491i-450- 001 990005276020403321 005 20050509114003.0 035 $a000527602 035 $aFED01000527602 035 $a(Aleph)000527602FED01 035 $a000527602 100 $a19990604d1982----km-y0itay50------ba 101 0 $aita 105 $ay-------001yy 200 1 $a<>Vangelo di Giovanni$eAnalisi linguistica e commento esegetico, J. Mateos$fJ. Barreto$gin collaborazione con Enrique Hurtado$gAngel Urban$gJosep Rius-Camps 210 $aAssisi$cCittadella Editrice$d1982 215 $a899 p.$d25 cm 225 1 $aLettura del Nuovo Testamento 610 0 $aNuovo Testamento$aVangelo di Giovanni$aEsegesi 676 $a226.506$v21$zita 700 1$aMateos,$bJuan$0205743 702 1$aBarreto,$bJuan 702 1$aHurtado,$bEnrique 702 1$aRius-Camps,$bJosep 702 1$aUrbán,$bAngel 801 0$aIT$bUNINA$gRICA$2UNIMARC 901 $aBK 912 $a990005276020403321 952 $a226.5 MAT 1$bST.REL. 2051$fFLFBC 959 $aFLFBC 996 $aVangelo di Giovanni$9538783 997 $aUNINA LEADER 01226nam0 2200313 i 450 001 SUN0056120 005 20180529023054.46 010 $a978-27-05-65907-3$bz$d0.00 100 $a20061116d1973 |0frec50 ba 101 $afre 102 $aFR 105 $a|||| ||||| 200 1 $aCalcul infinitesimal$fJean Dieudonné 205 $a2. ed. rev. et corr 210 $aParis$cHermann$d1992 215 $a479 p.$d22 cm. 410 1$1001SUN0046986$12001 $a*Collection méthodes$1210 $aParis$cHermann. 606 $a26-XX$xReal functions [MSC 2020]$2MF$3SUNC019778 606 $a30-XX$xFunctions of a complex variable [MSC 2020]$2MF$3SUNC020785 606 $a34-XX$xOrdinary differential equations [MSC 2020]$2MF$3SUNC021251 606 $a33-XX$xSpecial functions [MSC 2020]$2MF$3SUNC022590 620 $dParis$3SUNL000046 700 1$aDieudonné$b, Jean$3SUNV044602$0440723 712 $aHermann$3SUNV001226$4650 801 $aIT$bSOL$c20200727$gRICA 912 $aSUN0056120 950 $aUFFICIO DI BIBLIOTECA DEL DIPARTIMENTO DI MATEMATICA E FISICA$d08PREST 26-XX 1145 $e08 1767 I 20061116 996 $aCalcul infinitésimal$943019 997 $aUNICAMPANIA